Les Jean-.... célèbres - Clic Quiz - Statistiques

Statistiques générales
  • Ce quiz a été pris 95 fois
  • Le résultat moyen est 27 sur 40
Statistiques - réponses
Hint Extra Hint Réponse % Correct

Jean-____ Van Damme

Acteur Claude
94%

Jean-____ Le Pen

Homme politique Marie
92%

Jean-____ Goldman

Chanteur Jacques
91%

Jean-____ Gaultier

Styliste et grand couturier Paul
89%

Jean-____ Sartre

Philosophe Paul
88%

Jean-____ Belmondo

Acteur Paul
88%

Jean-____ II

Ancien Pape Paul
88%

Jean-____ Reichmann

Animateur et comédien Luc
86%

Jean-____ Bigard

Humoriste Marie
85%

Jean-____ Rousseau

Écrivain Jacques
84%

Jean-____ Aubert

Chanteur Louis
84%

Jean-____ Foucault

Animateur de radio et de télévision Pierre
84%

Jean-____ Poquelin

Dramaturge Baptiste
82%

Jean-____ Rouve

Acteur et réalisateur Paul
82%

Jean-____ Papin

Footballeur Pierre
80%

Jean-____ Jarre

Chanteur Michel
78%

Jean-____ Lafesse

Humoriste Yves
77%

Jean-____ Lemoine

Humoriste Luc
74%

Jean-____ David

Coiffeur Louis
73%

Jean-____ Morandini

Animateur de radio et journaliste Marc
72%

Jean-____ Larqué

Footballeur Michel
68%

Jean-____ Bacri

Acteur Pierre
67%

Jean-____ Généreux

Danseur Marc
66%

Jean-____ Delarue

Animateur de télévision Luc
61%

Jean-____ Aphatie

Journaliste Michel
61%

Jean-____ Zadi

Acteur et réalisateur Pascal
60%

Jean-____ Mader

Chanteur Pierre
59%

Jean-____ Annaud

Réalisateur Jacques
57%

Jean-____ Trintignant

Acteur et réalisateur Louis
56%

Jean-____ Ayrault

Homme politique Marc
56%

Jean-____ Godard

Cinéaste Luc
55%

Jean-____ Chevènement

Homme politique Pierre
55%

Jean-____ Debout

Auteur-compositeur-interprète Jacques
51%

Jean-____ Maunier

Chanteur et acteur Baptiste
47%

Jean-____ Poiré

Réalisateur et scénariste Marie
45%

Jean-____ Brialy

Acteur Claude
44%

Jean-____ Le Drian

Homme politique Yves
39%

Jean-____ Guégan

Chanteur Baptiste
35%

Jean-____ Lacoste

Chroniqueur, acteur et ancien chanteur Pascal
27%

Jean-____ Marat

Médecin, journaliste et homme politique Paul
18%
Aucun quiz correspondant
Distribution des résultats
% des personnes avec chaque résultat
Percentile par nombre de réponses
Votre historique - résultats
Vous n’avez pas pris ce quiz